000 02511cam a2200337 i 4500
003 SA-RiAUC
005 20241205082551.0
008 241204s2003 ts g f00000 ara c
024 0 _a00000000972960
024 0 _a00000000986066
040 _aAE-AdMPA
_bara
_cSA-RiAUC
_dAE-DuMBRL
_erda
050 4 _b.D87 2003
082 0 4 _a251
_qSA-RiAUC
090 _a251
_bد ر و
245 0 0 _aدروس أصول الفقه المكية /
_cجمع أحمد جابر جبران المكي اليمني ؛ تعليقات أحمد الزمزمي، هاني عبد الشكور ؛ راجعه خلف محمد.
250 _aالطبعة الأولى.
264 1 _aدبي، الإمارات العربية المتحدة :
_bدائرة الأوقاف والشؤون الإسلامية،
_c2003.
300 _a293 صفحة ؛
_c24 × 17 سم
336 _aنص
_btxt
_2rdacontent
_3كتاب
337 _aبدون وسيط
_bn
_2rdamedia
338 _aمجلد
_bnc
_2rdacarrier
520 _aيتناول كتاب (دروس أصول الفقه المكية) والذي قام بتأليفه أحمد جابر جبران المكي اليمني، موضوع (أصول الفقه) هذا الكتاب رسالة وجيزة في أصول الفقه تشتمل على فوائد عزيزة تسهل للطلبة الصعاب، وتكون سلما لهم، على فهم أصول الفقه لطلاب المدارس الثانوية والعالية، وقد جعل المؤلف عقب كل درس أسئلة لائقة به تمكن الطالب من البحث الكامل، وتشجعه على حل المشاكل. وقد تناول التنويه بأصول الفقه وبيان مكانته، والمبادئ الكلامية، والمبادئ اللغوية، ومبادئ الأحكام الشرعية، والكتاب ومباحثه، ومباحث السنة، والإجماع، والقياس، والاستدلال، وفي التعادل والتراجيح، وفي الاجتهاد.
650 7 _aأصول الفقه الإسلامي
_2aucsh
700 1 _aجبران، أحمد جابر
_eجامع.
700 1 _aالزمزمي، أحمد يوسف بن جمال
_eمعلق.
700 1 _aعبد الشكور، هاني أحمد عبد الرحمن
_eمعلق.
700 1 _aمحمد، خلف
_eمراجع.
942 _2ddc
_cBOOK
_n0
949 _aSA-JeALM
_d241204
_uosman123
_n1
999 _c3046
_d3046